000 00491nam a2200181Ia 4500
005 20250508151811.0
008 008 250505s9999 xx 000 0 eng d
037 _aTextual
040 _aFEDL
_beng
_cFEDL
041 _aeng
_2eng
084 _a428, DOD
_qFEDL
100 _aDodd E F
245 0 _aSnake charmer and other stories
260 _aBombay, India
_bMacmillan and Company Limited
_c1953
300 _a65p
942 _cTEXL
_h428, DOD
999 _c1332211
_d1332211